[Event "ISR-chT"]
[Site "Israel"]
[Date "2024.02.16"]
[Round "7.18"]
[White "Uritsky, Yonathan"]
[Black "Erenberg, Shlomy"]
[Result "1-0"]
[WhiteElo "2167"]
[BlackElo "2101"]
[PlyCount "137"]
[EventDate "2024.01.10"]
[EventType "team-tourn"]
[EventRounds "11"]
[EventCountry "ISR"]
[SourceTitle "CB09_2024"]
[SourceDate "2024.02.28"]
[SourceVersion "1"]
[SourceVersionDate "2024.02.28"]
[SourceQuality "1"]
[WhiteTeam "Ramat Gan Etiod"]
[BlackTeam "Herzliya Haim"]
[WhiteTeamCountry "ISR"]
[BlackTeamCountry "ISR"]

1. Nf3 Nf6 2. g3 d5 3. Bg2 e6 4. 0-0 Be7 5. c4 0-0 6. b3 d4 7. Bb2 c5 8. e3 Nc6 9. exd4 cxd4 10. Re1 Re8 11. d3 h6 12. Nbd2 Bf8 13. a3 a5 14. Ne5 Ra6 15. Qe2 Bc5 16. f4 Qb6 17. g4 Nd7 18. g5 Ncxe5 19. fxe5 hxg5 20. Qh5 Qd8 21. Ne4 g6 22. Qf3 b6 23. Rf1 Rf8 24. Qh3 Kg7 25. Qg3 Be7 26. Bxd4 Nc5 27. Be3 Nxe4 28. Bxe4 Ra7 29. Qf2 Ra6 30. Bc6 Qxd3 31. Bb5 Ra8 32. Bxb6 Bb7 33. Qe3 Qxe3+ 34. Bxe3 Rfd8 35. Rad1 g4 36. a4 Bf3 37. Rxd8 Rxd8 38. c5 Rc8 39. Rc1 Bd5 40. c6 Ba3 41. Rc2 Be4 42. Rc4 Bd5 43. Rxg4 Be7 44. Bb6 Bd8 45. Bxd8 Rxd8 46. Rg3 Rc8 47. Rc3 Rc7 48. Kf2 f6 49. exf6+ Kxf6 50. h4 Ke5 51. Rg3 Kf6 52. Re3 e5 53. Rg3 Rc8 54. Bd3 e4 55. Rg5 Bxc6 56. Be2 Ra8 57. Ke3 Bd7 58. Rc5 Bf5 59. Kf4 Rh8 60. Rc6+ Ke7 61. h5 Be6 62. hxg6 Bxb3 63. Ke5 Rg8 64. Bg4 Re8 65. Rc7+ Kf8+ 66. Kf6 e3 67. Rc3 e2 68. g7+ Kg8 69. Rh3 1-0

[Event "ISR-chT"]
[Site "Israel"]
[Date "2024.02.09"]
[Round "5.6"]
[White "Solomon, Asif"]
[Black "Erenberg, Shlomy"]
[Result "1-0"]
[WhiteElo "2231"]
[BlackElo "2101"]
[PlyCount "79"]
[EventDate "2024.01.10"]
[EventType "team-tourn"]
[EventRounds "11"]
[EventCountry "ISR"]
[SourceTitle "CB09_2024"]
[SourceDate "2024.02.28"]
[SourceVersion "1"]
[SourceVersionDate "2024.02.28"]
[SourceQuality "1"]
[WhiteTeam "Petach Tikva"]
[BlackTeam "Herzliya Haim"]
[WhiteTeamCountry "ISR"]
[BlackTeamCountry "ISR"]

1. d4 d5 2. c4 e6 3. Nf3 Nf6 4. g3 Bb4+ 5. Bd2 Be7 6. Bg2 0-0 7. 0-0 c6 8. Qc2 b6 9. Bf4 Ba6 10. Ne5 dxc4 11. Rd1 Nd5 12. Nxc4 Nd7 13. Bd6 Rc8 14. e4 Bxc4 15. Bxe7 Qxe7 16. Qxc4 b5 17. Qe2 N5b6 18. e5 c5 19. Nc3 cxd4 20. Nxb5 d3 21. Rxd3 Rc5 22. Nxa7 Nxe5 23. Ra3 Qc7 24. Rd1 Rc2 25. Qb5 Nec4 26. Ra6 Rxb2 27. Qh5 g6 28. Qg5 h6 29. Qf6 Rd2 30. Rxd2 Nxd2 31. Nc6 Nd5 32. Bxd5 exd5 33. Ra7 Ne4 34. Qxg6+ fxg6 35. Rxc7 Rxf2 36. Ne7+ Kf7 37. Nxd5+ Kf8 38. Nf4 g5 39. Ng6+ Kg8 40. Re7 1-0

[Event "ISR-chT"]
[Site "Israel"]
[Date "2020.02.08"]
[Round "6.3"]
[White "Zanan, Evgeny"]
[Black "Erenberg, Shlomy"]
[Result "1-0"]
[WhiteElo "2503"]
[BlackElo "2145"]
[PlyCount "87"]
[EventDate "2020.01.10"]
[EventType "team-tourn"]
[EventRounds "11"]
[EventCountry "ISR"]
[SourceTitle "CBM 194 Extra"]
[Source "ChessBase"]
[SourceDate "2020.03.31"]
[SourceVersion "1"]
[SourceVersionDate "2020.03.31"]
[SourceQuality "1"]
[WhiteTeam "Rishon Le Zion Feldklein"]
[BlackTeam "Herzliya Atudat Haim"]
[WhiteTeamCountry "ISR"]
[BlackTeamCountry "ISR"]

1. e4 e5 2. Nf3 Nc6 3. Bb5 Nf6 4. 0-0 Nxe4 5. Re1 Nd6 6. Nxe5 Nxe5 7. Rxe5+ Be7 8. Bf1 0-0 9. d4 Bf6 10. Re1 Re8 11. Bf4 Rxe1 12. Qxe1 Ne8 13. c3 d6 14. Bd3 g6 15. Nd2 Ng7 16. Ne4 Be7 17. d5 Bf5 18. Bf1 Nh5 19. Bd2 Nf6 20. Ng3 Bd7 21. c4 Bf8 22. Bc3 Bg7 23. Qd2 Qf8 24. Qf4 Ng4 25. h3 Bxc3 26. bxc3 Nh6 27. c5 f5 28. a4 Nf7 29. Qb4 Rb8 30. cxd6 Qxd6 31. a5 Qxb4 32. cxb4 Nd6 33. Rc1 Rc8 34. Ne2 Nb5 35. Nf4 a6 36. Bxb5 axb5 37. Nd3 Be8 38. Ne5 Rd8 39. Rxc7 Rxd5 40. f4 Rd4 41. Rxb7 Rxb4 42. a6 Ra4 43. a7 Kf8 44. Nd7+ 1-0